00353nam a2200133 a 4500008004100000050001800041100002200059245003600081260004400117300001700161350000900178650001400187650001800201120416s1974 ||||||||||||||||| || u aGN 655.G5 Azu aAzu, Diana Gladys14aThe Ga family and social change aCambridgebAfrican Studies Centrec1974 a(vii), 139p. a0.00 0aSOCIOLOGY aSOCIAL CHANGE